000 00315nam a22001337a 4500
008 170824b xxu||||| |||| 00| 0 eng d
020 _a9780470105832
041 _aeng
080 _28 ED
_a51
100 _a38
101 _aMAT
245 _aMATHEMATICS FOR ELEMENTARY TEACHERS
_cMUSSER.G.L
942 _2udc
_cBK
999 _c24834
_d24834